000 01004cad a22002295a 4500
001 E154025
008 111004e20111004xxk 000 0 eng d
035 _a(Sirsi) u154025
041 0 _aeng
110 2 _aScotland
_bScottish Government
_95344
245 0 0 _aFinancing model consigned to history
_h[electronic resource]
260 _c2011
490 _aScottish Government News Release
_v4 October 2011
520 _aThe Private Finance Initiative (PFI) method of financing projects will be replaced in Scotland by the Non Profit Distributing Model, which will mean that profits from infrastructure projects will be reinvested for public benefit.
590 _aKA
650 2 4 _aPRIVATE FINANCE INITIATIVE
651 4 _aScotland
_y1999-
690 _aPROPERTY-INFRASTRUCTURE
690 _aBUILT ENVIRONMENT-CONSTRUCTION MANAGEMENT-BUILDING CONTRACT ADMINISTRATION
856 4 0 _uhttps://www.scotland.gov.uk/News/Releases/2011/10/04111304
_zView the news release at www.scotland.gov.uk
942 _n0
999 _c83459
_d83459